Sanskrit Kavyanand (Record no. 1401490)

MARC details
000 -LEADER
fixed length control field 00688nam a2200289Ia 4500
008 - FIXED-LENGTH DATA ELEMENTS--GENERAL INFORMATION
fixed length control field 161027s9999||||xx |||||||||||||| ||und||
040 ## - CATALOGING SOURCE
Transcribing agency Sanskrit
082 ## - DEWEY DECIMAL CLASSIFICATION NUMBER
Classification number X.B
082 ## - DEWEY DECIMAL CLASSIFICATION NUMBER
Item number BORI-37692
100 ## - MAIN ENTRY--PERSONAL NAME
Personal name Muni Shrinanchandraji
245 ## - TITLE STATEMENT
Title Sanskrit Kavyanand
260 ## - PUBLICATION, DISTRIBUTION, ETC. (IMPRINT)
Place of publication, distribution, etc Limbadi
260 ## - PUBLICATION, DISTRIBUTION, ETC. (IMPRINT)
Name of publisher, distributor, etc Shri Ajramar Jain Vidyashala
300 ## - PHYSICAL DESCRIPTION
Extent 12
300 ## - PHYSICAL DESCRIPTION
Other physical details "2,3"
300 ## - PHYSICAL DESCRIPTION
Dimensions A
300 ## - PHYSICAL DESCRIPTION
Accompanying material Hardbound
530 ## - ADDITIONAL PHYSICAL FORM AVAILABLE NOTE
Uniform Resource Identifier <a href="000038628.pdf">000038628.pdf</a>
563 ## - BINDING INFORMATION
Binding note Text
600 ## - SUBJECT ADDED ENTRY--PERSONAL NAME
Personal name Muni Shrinanchandraji
630 ## - SUBJECT ADDED ENTRY--UNIFORM TITLE
Uniform title Sanskrit Kavyanand
650 ## - SUBJECT ADDED ENTRY--TOPICAL TERM
Topical term or geographic name as entry element Buddhism & Jainism
650 ## - SUBJECT ADDED ENTRY--TOPICAL TERM
Topical term or geographic name as entry element Jainism
700 ## - ADDED ENTRY--PERSONAL NAME
Personal name Muni Shrinanchandraji
730 ## - ADDED ENTRY--UNIFORM TITLE
Uniform title Sanskrit Kavyanand
942 ## - ADDED ENTRY ELEMENTS (KOHA)
Koha item type Book
Holdings
Withdrawn status Lost status Damaged status Not for loan Home library Current library Date acquired Cost, normal purchase price Total Checkouts Full call number Barcode Date last seen Cost, replacement price Price effective from Koha item type
        Bhandarkar Oriental Research Institute, Pune Bhandarkar Oriental Research Institute, Pune 10/27/2016 0.00   BORI-37692 BORI-37692 10/27/2016 0.00 10/27/2016 Book